De l'Empire britannique au Commonwealth (notice n° 2198654)

détails MARC
000 -LEADER
fixed length control field 01670cam a2200133 4500500
005 - DATE AND TIME OF LATEST TRANSACTION
control field 20260405085556.0
041 ## - LANGUAGE CODE
Language code of text/sound track or separate title fre
042 ## - AUTHENTICATION CODE
Authentication code dc
100 10 - MAIN ENTRY--PERSONAL NAME
Personal name Grimal, Henri
Relator term author
245 00 - TITLE STATEMENT
Title De l'Empire britannique au Commonwealth
260 ## - PUBLICATION, DISTRIBUTION, ETC.
Name of publisher, distributor, etc. Armand Colin,<br/>
Date of publication, distribution, etc. 2014.<br/>
520 ## - SUMMARY, ETC.
Summary, etc. L'Empire britannique mit 300 ans à se constituer ; environ 30 ans à se dissoudre. Mais, plutôt que les termes de croissance, apogée, décadence, celui d'évolution semble convenir à son histoire. L'autorité ne fut jamais une fin, mais un moyen et le principe de l'évolution n'en fut jamais exclu. En même temps que des rapports politiques, la création de l'Empire mettait en jeu des rapports économiques : la domination fut souvent établie en fonction des besoins de l'économie métropolitaine. Cette relation fut d'abord fondée sur les bases d'une réglementation étroite (mercantilisme) et aboutit, au moins en théorie, à créer outre-mer et pour le bénéfice de la seule métropole des " économies satellites ".Ce système fut démantelé progressivement au cours du siècle dernier. Il le fut d'abord dans les relations avec les colonies blanches, qui atteignirent simultanément l'autonomie politique et la liberté économique. Dans les colonies dites " d'exploitation ", l'évolution s'est faite de façon différente. D'un système de rapports inégaux, régis unilatéralement par la métropole, a pendant longtemps résulté une exploitation dont les intérêts privés britanniques furent les principaux bénéficiaires.
856 41 - ELECTRONIC LOCATION AND ACCESS
Uniform Resource Identifier <a href="https://shs.cairn.info/de-l-empire-britannique-au-commonwealth--9782200251581?lang=fr&redirect-ssocas=7080">https://shs.cairn.info/de-l-empire-britannique-au-commonwealth--9782200251581?lang=fr&redirect-ssocas=7080</a>

Pas d'exemplaire disponible.

PLUDOC

PLUDOC est la plateforme unique et centralisée de gestion des bibliothèques physiques et numériques de Guinée administré par le CEDUST. Elle est la plus grande base de données de ressources documentaires pour les Étudiants, Enseignants chercheurs et Chercheurs de Guinée.

Adresse

627 919 101/664 919 101

25 boulevard du commerce
Kaloum, Conakry, Guinée

Réseaux sociaux

Powered by Netsen Group @ 2025